Normal view
MARC view
- Pi Andreu, Andrés,
Entry Nombre Personal
001 - NUMERO DE CONTROL
- campo de control: 36646
003 - IDENTIFICADOR DE NUMERO DE CONTROL
- campo de control: UPN
005 - FECHA Y HORA DE LA ÜLTIMA TRANSACCIÓN
- campo de control: 20210219194516.0
008 - DATOS DE LONGITUD FIJA
- campo de control de longitud fija: nabaccnnaabn|||||||||| b |nc|||||d
035 ## - NUMERO DE CONTROL
- Número de control: UPN11000008753
040 ## - FUENTE DE CATALOGACIÓN
- Lenguaje de catalogación: SPA
- Agencia de transcripción: UPN
100 1# - ENCABEZAMIENTO - NOMBRE PERSONAL
- Nombre personal: Pi Andreu, Andrés,
- Fechas asociadas con el nombre: 1969-
670 ## - FUENTE EN LA QUE SE LOCALIZARON DATOS
- Cita de la fuente: T
- Uniform Resource Identifier: http://www.lecturalia.com/autor/13891/andres-pi-andreu
680 ## - NOTA PUBLICA DE ACCESO PÚBLICO
- Frase explicativa de la referencia: Escritor y editor cubano residente en Estados Unidos, es conocido por sus libros dedicados a la literatura infantil y juvenil, con premios en su haber como el Apel·les Mestres, el IBBY o el Nacional de la Crítica en 2004.
902 ## - CATALOGADOR
- Catalogador: MITM/060315
